Rugby Union World Cup 2019 - where players were born - Statistics

General Stats
  • This quiz has been taken 96 times
    89 since last reset
  • The average score is 23 of 31
Answer Stats
Number of players Answer % Correct
23 Tonga
100%
32 Argentina
99%
32 Australia
99%
43 England
99%
34 Fiji
99%
27 Ireland
99%
77 New Zealand
99%
17 Scotland
99%
44 South Africa
99%
18 United States
99%
25 France
97%
28 Canada
96%
23 Italy
96%
15 Japan
96%
23 Wales
96%
2 American Samoa
93%
17 Samoa
93%
30 Georgia
86%
31 Namibia
86%
31 Uruguay
85%
30 Russia
82%
1 Germany
65%
2 China (Hong Kong)
62%
3 Zimbabwe
47%
1 South Korea
36%
1 Papua New Guinea
34%
1 Ukraine
34%
5 Northern Ireland
26%
1 Algeria
24%
1 Azerbaijan
12%
2 New Caledonia
9%
No matching quizzes found
Score Distribution
Percent of People with Each Score
Percentile by Number Answered
Your Score History
You have not taken this quiz since the last reset